<?xml version="1.0" encoding="UTF-8"?>
<record
    xmlns:xsi="http://www.w3.org/2001/XMLSchema-instance"
    xsi:schemaLocation="http://www.loc.gov/MARC21/slim http://www.loc.gov/standards/marcxml/schema/MARC21slim.xsd"
    xmlns="http://www.loc.gov/MARC21/slim">

  <leader>     nam a22     7a 4500</leader>
  <datafield tag="999" ind1=" " ind2=" ">
    <subfield code="c">50115</subfield>
    <subfield code="d">50115</subfield>
  </datafield>
  <controlfield tag="003">OSt</controlfield>
  <controlfield tag="005">20200618103215.0</controlfield>
  <controlfield tag="008">200618b        xxu||||| |||| 00| 0 eng d</controlfield>
  <datafield tag="040" ind1=" " ind2=" ">
    <subfield code="c">IIMT UNIVERSITY</subfield>
  </datafield>
  <datafield tag="100" ind1=" " ind2=" ">
    <subfield code="a">CHAURASIA, B D </subfield>
  </datafield>
  <datafield tag="245" ind1=" " ind2=" ">
    <subfield code="a">HUMAN ANATOMY VOL-I</subfield>
  </datafield>
  <datafield tag="942" ind1=" " ind2=" ">
    <subfield code="2">ddc</subfield>
    <subfield code="c">01</subfield>
  </datafield>
  <datafield tag="952" ind1=" " ind2=" ">
    <subfield code="0">0</subfield>
    <subfield code="1">0</subfield>
    <subfield code="2">ddc</subfield>
    <subfield code="4">0</subfield>
    <subfield code="7">0</subfield>
    <subfield code="a">30</subfield>
    <subfield code="b">30</subfield>
    <subfield code="d">2020-06-18</subfield>
    <subfield code="e">AURVED SANSKRIT HINDI PUSTAK BHANDAR</subfield>
    <subfield code="f">IIMT AYURV</subfield>
    <subfield code="g">595.00</subfield>
    <subfield code="i">41/06-06-2020</subfield>
    <subfield code="l">26</subfield>
    <subfield code="m">1</subfield>
    <subfield code="o">611 CHA</subfield>
    <subfield code="p">30-B-1536</subfield>
    <subfield code="r">2026-04-24</subfield>
    <subfield code="s">2026-04-15</subfield>
    <subfield code="w">2020-06-18</subfield>
    <subfield code="y">01</subfield>
  </datafield>
  <datafield tag="952" ind1=" " ind2=" ">
    <subfield code="0">0</subfield>
    <subfield code="1">0</subfield>
    <subfield code="2">ddc</subfield>
    <subfield code="4">0</subfield>
    <subfield code="7">0</subfield>
    <subfield code="a">30</subfield>
    <subfield code="b">30</subfield>
    <subfield code="d">2020-06-18</subfield>
    <subfield code="e">AURVED SANSKRIT HINDI PUSTAK BHANDAR</subfield>
    <subfield code="f">IIMT AYURV</subfield>
    <subfield code="g">595.00</subfield>
    <subfield code="i">41/06-06-2020</subfield>
    <subfield code="l">16</subfield>
    <subfield code="m">11</subfield>
    <subfield code="o">611 CHA</subfield>
    <subfield code="p">30-B-1537</subfield>
    <subfield code="r">2025-03-07</subfield>
    <subfield code="s">2025-03-07</subfield>
    <subfield code="w">2020-06-18</subfield>
    <subfield code="y">01</subfield>
  </datafield>
  <datafield tag="952" ind1=" " ind2=" ">
    <subfield code="0">0</subfield>
    <subfield code="1">0</subfield>
    <subfield code="2">ddc</subfield>
    <subfield code="4">0</subfield>
    <subfield code="7">0</subfield>
    <subfield code="a">30</subfield>
    <subfield code="b">30</subfield>
    <subfield code="d">2020-06-18</subfield>
    <subfield code="e">AURVED SANSKRIT HINDI PUSTAK BHANDAR</subfield>
    <subfield code="f">IIMT AYURV</subfield>
    <subfield code="g">595.00</subfield>
    <subfield code="i">41/06-06-2020</subfield>
    <subfield code="l">4</subfield>
    <subfield code="m">4</subfield>
    <subfield code="o">611 CHA</subfield>
    <subfield code="p">30-B-1538</subfield>
    <subfield code="r">2022-06-21</subfield>
    <subfield code="s">2022-06-14</subfield>
    <subfield code="w">2020-06-18</subfield>
    <subfield code="y">01</subfield>
  </datafield>
  <datafield tag="952" ind1=" " ind2=" ">
    <subfield code="0">0</subfield>
    <subfield code="1">0</subfield>
    <subfield code="2">ddc</subfield>
    <subfield code="4">0</subfield>
    <subfield code="7">0</subfield>
    <subfield code="a">30</subfield>
    <subfield code="b">30</subfield>
    <subfield code="d">2020-06-18</subfield>
    <subfield code="e">AURVED SANSKRIT HINDI PUSTAK BHANDAR</subfield>
    <subfield code="f">IIMT AYURV</subfield>
    <subfield code="g">595.00</subfield>
    <subfield code="i">41/06-06-2020</subfield>
    <subfield code="l">3</subfield>
    <subfield code="m">3</subfield>
    <subfield code="o">611 CHA</subfield>
    <subfield code="p">30-B-1539</subfield>
    <subfield code="r">2022-06-15</subfield>
    <subfield code="s">2022-05-16</subfield>
    <subfield code="w">2020-06-18</subfield>
    <subfield code="y">01</subfield>
  </datafield>
  <datafield tag="952" ind1=" " ind2=" ">
    <subfield code="0">0</subfield>
    <subfield code="1">0</subfield>
    <subfield code="2">ddc</subfield>
    <subfield code="4">0</subfield>
    <subfield code="7">0</subfield>
    <subfield code="a">30</subfield>
    <subfield code="b">30</subfield>
    <subfield code="d">2020-06-18</subfield>
    <subfield code="e">AURVED SANSKRIT HINDI PUSTAK BHANDAR</subfield>
    <subfield code="f">IIMT AYURV</subfield>
    <subfield code="g">595.00</subfield>
    <subfield code="i">41/06-06-2020</subfield>
    <subfield code="l">32</subfield>
    <subfield code="m">15</subfield>
    <subfield code="o">611 CHA</subfield>
    <subfield code="p">30-B-1540</subfield>
    <subfield code="r">2025-09-08</subfield>
    <subfield code="s">2025-09-08</subfield>
    <subfield code="w">2020-06-18</subfield>
    <subfield code="y">01</subfield>
  </datafield>
</record>
